000 00813nas a2200277 4500
001 BR9201409
003 BR-BrBNA
005 20231205092410.0
007 ta
008 230509b bl.|||p| |||| 00| 00por d
040 _aBR-BrBNA
_bpor
_cBiblioteca Nacional de Agricultura
041 _a(Pt)
072 _aP34
100 1 _aAlmeida, R.T. de
100 1 _aFreire, V.F.
100 1 _aVasconcelos, I.
245 1 _aTipos de esporos de fungos micorrizicos VA em solos sob leguminosas arboreas do estado do Ceara, Brasil
650 _aLEGUMINOSA
650 _aFUNGO
650 _aMICORRIZA
650 _aESPORO
650 _aCEARA
773 0 _tCiencia Agronomica (Brazil)
_xISSN 0045-6888
_g(Dec 1987), v. 18(2) p. 41-50
_wBR9201409
909 _a202311
_bLúcia
_c55
_dLúcia Elande
942 _2AGRIS
_n0
_cANA
999 _c131434
_d131434